000 00377nam a2200145Ia 4500
008 230917s9999||||xx |||||||||||||| ||und||
040 _e101440
_aMAIN
041 _aEnglish
082 _a005.8 H116H
100 _aNIIT
245 0 _aHacking tools and techniques and incident handling
260 _aNew Delhi
_bPrentice-Hall of India
_c2003
300 _a366 p.
942 _cBK
999 _c110960
_d110960